000
00311nam a2200145Ia 4500
100
_a
Khumbhojkar G.V.
942
_c
BK
654
_a
mathematics II
245
_a
Applied Mathematics-II
260
_b
C Jamnadas & Co
_a
Mumbai
_c
2000
082
_a
519
_b
KUM
300
_a
397
546
_a
ENGLISH
999
_c
32938
_d
32938